| 000 | 00633nam a2200229Ia 4500 | ||
|---|---|---|---|
| 003 | OSt | ||
| 005 | 20220924122424.0 | ||
| 006 | a|||||r|||| 00| 0 | ||
| 007 | ta | ||
| 008 | 220923b |||||||| |||| 00| 0 urd d | ||
| 024 | _a323628 | ||
| 037 | _cTextual | ||
| 040 |
_aARTS _cARTS _burd |
||
| 041 |
_2urd _aurd |
||
| 082 | _aV677.N3, 168H1 | ||
| 100 |
_aAzami Mohammad Hasan Au. _9189472 |
||
| 245 | 0 | _aAaj ka Misr | |
| 260 |
_aLahore _bUrdu academy Pakistan _c1941 |
||
| 650 |
_aEGYPT - HISTORY _936564 |
||
| 942 |
_hV677.N3, 168H1 _cTEXL _2CC |
||
| 999 |
_c411589 _d411589 |
||